00285nam a2200121Ia 4500008004100000041000900041082001700050100002700067245001700094260003600111300000800147650000800155230718s9999 xx 000 0 und d aEng. a34603bAFG-L aAfghan, Mahad ul islam 0aLaw of tests aPakistanbLabour law test c200 a126 aLaw